[Event "49th Biel Master Open"]
[Site "Biel SUI"]
[Date "2016.07.31"]
[Round "6.16"]
[White "Brkic, Ante"]
[Black "Horvath, Adam1"]
[Result "1-0"]
[WhiteTitle "GM"]
[BlackTitle "GM"]
[WhiteElo "2585"]
[BlackElo "2498"]
[WhiteFideId "14506688"]
[BlackFideId "708003"]
[EventDate "2016.07.25"]

1. e4 c5 2. Nf3 e6 3. d4 cxd4 4. Nxd4 Nc6 5. Nc3 Qc7 6. Be3 a6 7. Qf3 d6 8. Qg3
Bd7 9. Be2 Nf6 10. f4 h5 11. O-O Be7 12. Bf3 Ng4 13. Bxg4 hxg4 14. Qxg4 Bf6 15.
Nxc6 Bxc6 16. f5 d5 17. Bf4 Qb6+ 18. Kh1 Rh4 19. Qg3 O-O-O 20. e5 exf5 21. exf6
Rg4 22. Qd3 g6 23. h3 Rh8 24. Nxd5 1-0

[Event "49th Biel Master Open"]
[Site "Biel SUI"]
[Date "2016.07.31"]
[Round "6.17"]
[White "Baskin, Robert"]
[Black "Donchenko, Alexander"]
[Result "1/2-1/2"]
[WhiteTitle "FM"]
[BlackTitle "GM"]
[WhiteElo "2375"]
[BlackElo "2583"]
[WhiteFideId "24662402"]
[BlackFideId "24603295"]
[EventDate "2016.07.25"]

1. c4 Nf6 2. Nc3 c5 3. Nf3 e6 4. d4 cxd4 5. Nxd4 Nc6 6. Bf4 d6 7. Ndb5 e5 8. Bg5
a6 9. Bxf6 gxf6 10. Na3 Bg7 11. e3 f5 12. Be2 Be6 13. Qd2 Qa5 14. Nc2 Rd8 15.
Rd1 O-O 16. O-O e4 17. Nd4 Kh8 18. b3 Qe5 19. f4 Qf6 20. Kh1 Rg8 21. g4 Nxd4 22.
g5 Qe7 23. exd4 f6 24. Qe3 fxg5 25. fxg5 Rgf8 26. Rf2 d5 27. c5 b6 28. b4 a5 29.
a3 axb4 30. axb4 bxc5 31. bxc5 Ra8 32. Nb5 Ra2 33. Rdf1 Ra4 34. Rd1 Ra2 1/2-1/2

[Event "49th Biel Master Open"]
[Site "Biel SUI"]
[Date "2016.07.31"]
[Round "6.18"]
[White "Colmenares, Aurelio"]
[Black "Al-Sayed, Mohammed"]
[Result "0-1"]
[WhiteTitle "FM"]
[BlackTitle "GM"]
[WhiteElo "2350"]
[BlackElo "2524"]
[WhiteFideId "1308629"]
[BlackFideId "12100196"]
[EventDate "2016.07.25"]

1. d4 Nf6 2. c4 g6 3. Nc3 Bg7 4. e4 d6 5. h3 Nbd7 6. Be3 e5 7. d5 Nc5 8. Qc2 O-O
9. g4 c6 10. b4 Ncd7 11. a3 a5 12. Rc1 axb4 13. axb4 c5 14. b5 Ra3 15. Bd3 Qa5
16. Ne2 Nb6 17. Bd2 Qa7 18. O-O Bd7 19. Rce1 Ra8 20. Nc1 Qb8 21. Nb3 Qd8 22. f3
h5 23. Bg5 Qf8 24. Ra1 Nh7 25. Bh4 Bh6 26. Rxa3 Rxa3 27. Qb2 Ra8 28. Ra1 Be3+
29. Kg2 Re8 30. Nd1 Bf4 31. Nf2 Qh6 32. Bg3 Bxg3 33. Kxg3 Qf4+ 34. Kg2 Ng5 35.
Qe2 h4 36. Nh1 f5 37. Nd2 Rf8 38. Ra3 fxg4 39. hxg4 h3+ 40. Kg1 0-1

[Event "49th Biel Master Open"]
[Site "Biel SUI"]
[Date "2016.07.31"]
[Round "6.19"]
[White "Karthikeyan, Murali"]
[Black "Teh, Eu Wen Aron"]
[Result "1-0"]
[WhiteTitle "GM"]
[BlackTitle "FM"]
[WhiteElo "2513"]
[BlackElo "2328"]
[WhiteFideId "5074452"]
[BlackFideId "5704723"]
[EventDate "2016.07.25"]

1. Nf3 Nf6 2. g3 d5 3. Bg2 e6 4. O-O Be7 5. d3 O-O 6. Nbd2 d4 7. e4 dxe3 8. fxe3
c5 9. Qe2 Nc6 10. b3 Nd5 11. Bb2 Bf6 12. d4 cxd4 13. exd4 Nde7 14. c3 g6 15. Ne4
Bg7 16. Rad1 Nf5 17. Ba3 Re8 18. g4 Nfe7 19. Ne5 Qa5 20. Nc4 Qc7 21. Rxf7 Kxf7
22. Ncd6+ Kg8 23. Nxe8 Qa5 24. Bc1 Qd8 25. Nxg7 Kxg7 26. Qf2 Ng8 27. Rf1 Qe8 28.
Nd6 Qe7 29. Qf7+ Kh8 30. Qf8 Qxf8 31. Rxf8 Ne7 32. Bh6 1-0

[Event "49th Biel Master Open"]
[Site "Biel SUI"]
[Date "2016.07.31"]
[Round "6.20"]
[White "Bellaiche, Anthony"]
[Black "Mroziak, Maciej"]
[Result "1-0"]
[WhiteTitle "IM"]
[WhiteElo "2499"]
[BlackElo "2306"]
[WhiteFideId "615668"]
[BlackFideId "1139665"]
[EventDate "2016.07.25"]

1. d4 Nf6 2. c4 g6 3. Nc3 d5 4. cxd5 Nxd5 5. Bd2 Nb6 6. Nf3 Bg7 7. e4 O-O 8. Be3
Bg4 9. Be2 Nc6 10. d5 Na5 11. Bd4 Bxf3 12. gxf3 Bxd4 13. Qxd4 Nc6 14. Qe3 Ne5
15. Rd1 Qd6 16. b3 f5 17. f4 Ng4 18. Qg3 Nh6 19. e5 Qb4 20. Kf1 Rad8 21. h4 Ng4
22. h5 g5 23. fxg5 e6 24. dxe6 Rxd1+ 25. Bxd1 Nd5 26. Nxd5 Qb5+ 27. Be2 Qxd5 28.
Rh4 b5 29. e7 Re8 30. Qd3 Qxe5 31. Qxb5 Rxe7 32. Qxe5 Rxe5 33. Bxg4 Re4 34. f3
Rd4 35. Ke2 c5 36. Ke3 a5 37. f4 fxg4 38. Rxg4 a4 39. bxa4 Rxa4 40. Rg2 Kf7 41.
f5 Rh4 42. g6+ Kg8 43. f6 Rxh5 44. f7+ Kg7 45. Rf2 Re5+ 46. Kd3 Rd5+ 47. Kc4 Rd8
48. f8=Q+ 1-0

[Event "49th Biel Master Open"]
[Site "Biel SUI"]
[Date "2016.08.01"]
[Round "7.1"]
[White "Shankland, Samuel L"]
[Black "Saric, Ivan"]
[Result "1-0"]
[WhiteTitle "GM"]
[BlackTitle "GM"]
[WhiteElo "2661"]
[BlackElo "2660"]
[WhiteFideId "2004887"]
[BlackFideId "14508150"]
[EventDate "2016.07.25"]

1. d4 Nf6 2. c4 e6 3. Nf3 Bb4+ 4. Bd2 Qe7 5. Nc3 b6 6. e3 O-O 7. Bd3 Bb7 8. O-O
a5 9. a3 Bxc3 10. Bxc3 Ne4 11. Be1 f5 12. Nd2 Ng5 13. f4 Nf7 14. e4 Nh6 15. Qe2
d6 16. Nf3 Nd7 17. Bh4 Qe8 18. Rae1 Qh5 19. Bg5 Rae8 20. Bxh6 Qxh6 21. Ng5 Qg6
22. d5 Nf6 23. exf5 exf5 24. Ne6 Rf7 25. Qc2 Ng4 26. h3 Nh6 27. Nd4 Rxe1 28.
Rxe1 Rf8 29. Qf2 Bc8 30. Nb5 Qf7 31. Qh4 Re8 32. Nxc7 Rxe1+ 33. Qxe1 Bd7 34. Qe3
g5 35. fxg5 f4 36. Qd4 Bf5 37. gxh6 Bxd3 38. Qxd3 Qxc7 39. Qd4 Qf7 40. Kf2 1-0

[Event "49th Biel Master Open"]
[Site "Biel SUI"]
[Date "2016.08.01"]
[Round "7.2"]
[White "Safarli, Eltaj"]
[Black "Aravindh, Chithambaram VR."]
[Result "1-0"]
[WhiteTitle "GM"]
[BlackTitle "GM"]
[WhiteElo "2678"]
[BlackElo "2543"]
[WhiteFideId "13402129"]
[BlackFideId "5072786"]
[EventDate "2016.07.25"]

1. e4 c5 2. Nf3 Nc6 3. Bb5 d6 4. O-O Bd7 5. Re1 Nf6 6. c3 a6 7. Bc4 Bg4 8. d4
cxd4 9. cxd4 e5 10. dxe5 dxe5 11. Bd5 Qb6 12. Bxc6+ bxc6 13. Be3 Qxb2 14. Nbd2
Rd8 15. Qa4 Be7 16. Rab1 Qa3 17. Qxa3 Bxa3 18. Nc4 Be7 19. Ncxe5 Rc8 20. Rb7 h6
21. h3 Be6 22. Nd4 Bxa2 23. Ra1 Bd6 24. Nef3 c5 25. Nf5 1-0

[Event "49th Biel Master Open"]
[Site "Biel SUI"]
[Date "2016.08.01"]
[Round "7.3"]
[White "Baklan, Vladimir"]
[Black "Vitiugov, Nikita"]
[Result "1/2-1/2"]
[WhiteTitle "GM"]
[BlackTitle "GM"]
[WhiteElo "2618"]
[BlackElo "2728"]
[WhiteFideId "14102196"]
[BlackFideId "4152956"]
[EventDate "2016.07.25"]

1. e4 e6 2. d4 d5 3. Nd2 c5 4. Ngf3 cxd4 5. exd5 Qxd5 6. Bc4 Qd6 7. O-O Nf6 8.
Nb3 Nc6 9. Nbxd4 Nxd4 10. Nxd4 a6 11. Re1 Qc7 12. Bf1 Be7 13. Qf3 O-O 14. Bf4
Bd6 15. Bxd6 Qxd6 16. Rad1 Qc7 17. Qg3 Qxg3 1/2-1/2

[Event "49th Biel Master Open"]
[Site "Biel SUI"]
[Date "2016.08.01"]
[Round "7.4"]
[White "Jumabayev, Rinat"]
[Black "Sethuraman, S.P."]
[Result "1-0"]
[WhiteTitle "GM"]
[BlackTitle "GM"]
[WhiteElo "2613"]
[BlackElo "2656"]
[WhiteFideId "13702661"]
[BlackFideId "5021596"]
[EventDate "2016.07.25"]

1. d4 Nf6 2. c4 e6 3. Nf3 c5 4. d5 exd5 5. cxd5 d6 6. Nc3 g6 7. g3 Bg7 8. Bg2
O-O 9. O-O Re8 10. Bf4 Na6 11. Re1 Bg4 12. Ng5 h6 13. Nge4 Nxe4 14. Nxe4 g5 15.
Bd2 b5 16. Bc3 Bf5 17. Nd2 Bxc3 18. bxc3 Qf6 19. Qb3 Rab8 20. Qa3 Rb6 21. Qa5
Bc8 22. Rab1 Kf8 23. Rf1 b4 24. Nc4 bxc3 25. Nxb6 axb6 26. Rxb6 Nb4 27. Qxc5
dxc5 28. Rxf6 Kg7 29. Rb6 Bf5 30. a3 Nd3 31. Ra1 Nb2 32. Rb3 Na4 33. Rc1 c4 34.
Rb4 Bd7 35. Rxc4 Rb8 36. Be4 Rb2 37. Bc2 Nb6 38. Rb4 Rxb4 39. axb4 Nxd5 40. Bb3
Nxb4 41. Rxc3 1-0

[Event "49th Biel Master Open"]
[Site "Biel SUI"]
[Date "2016.08.01"]
[Round "7.5"]
[White "Bachmann, Axel"]
[Black "Henrichs, Thomas"]
[Result "0-1"]
[WhiteTitle "GM"]
[BlackTitle "IM"]
[WhiteElo "2649"]
[BlackElo "2471"]
[WhiteFideId "3700488"]
[BlackFideId "4626605"]
[EventDate "2016.07.25"]

1. e4 e5 2. Nf3 Nc6 3. g3 Nf6 4. d3 d5 5. exd5 Nxd5 6. Bg2 g6 7. O-O Bg7 8. Nc3
Nde7 9. Rb1 a5 10. Re1 O-O 11. a3 Nf5 12. b4 axb4 13. axb4 Re8 14. b5 Ncd4 15.
Nxd4 Nxd4 16. Ne4 h6 17. c3 Ne6 18. c4 Kh7 19. Bb2 Nd4 20. Nc5 Ra7 21. Bd5 c6
22. bxc6 bxc6 23. Bg2 Bf5 24. Bc3 Bf8 25. Ne4 Bg7 26. h3 Ra2 27. Re3 Re7 28. h4
Rea7 29. h5 gxh5 30. Qxh5 Bg6 31. Qd1 f5 32. Nc5 f4 33. Re4 fxg3 34. Bxd4 exd4
35. Ne6 Qf6 36. Nf4 Rxf2 37. Nxg6 Qxg6 38. Rg4 Qd6 39. Be4+ Kh8 40. Rg6 Qf4 41.
Qc1 Qh4 42. Rb8+ Rf8 43. Rxf8+ Bxf8 44. Qb2 Ra1+ 0-1

[Event "49th Biel Master Open"]
[Site "Biel SUI"]
[Date "2016.08.01"]
[Round "7.6"]
[White "Salem, A.R. Saleh"]
[Black "Bartel, Mateusz"]
[Result "1-0"]
[WhiteTitle "GM"]
[BlackTitle "GM"]
[WhiteElo "2608"]
[BlackElo "2649"]
[WhiteFideId "9301348"]
[BlackFideId "1112635"]
[EventDate "2016.07.25"]

1. d4 Nf6 2. c4 e6 3. Nf3 Bb4+ 4. Nbd2 O-O 5. a3 Be7 6. e4 d6 7. Be2 a5 8. b3 e5
9. Bb2 exd4 10. Nxd4 Nc6 11. Nb5 Nd7 12. O-O Bf6 13. Bxf6 Nxf6 14. Qc2 Bg4 15.
f3 Bh5 16. g4 Bg6 17. f4 h6 18. Rad1 Nd7 19. Nf3 Re8 20. f5 Bh7 21. Kh1 Nc5 22.
Nc3 Ne5 23. Rg1 Nxf3 24. Bxf3 Qg5 25. Qf2 Rac8 26. b4 axb4 27. axb4 Nd7 28. h4
Qf6 29. Nd5 Qe5 30. g5 Kh8 31. Qd2 c6 32. Nf4 d5 33. cxd5 cxd5 34. Nxd5 Rc4 35.
gxh6 g6 36. Ne3 Qf4 37. Nxc4 Qxf3+ 38. Qg2 Qf4 39. Nd6 Re7 40. Qg3 Qxh6 41. Qg5
Qf8 42. fxg6 Bxg6 43. Nf5 1-0

[Event "49th Biel Master Open"]
[Site "Biel SUI"]
[Date "2016.08.01"]
[Round "7.7"]
[White "Erdos, Viktor"]
[Black "Khairullin, Ildar"]
[Result "1/2-1/2"]
[WhiteTitle "GM"]
[BlackTitle "GM"]
[WhiteElo "2578"]
[BlackElo "2629"]
[WhiteFideId "719978"]
[BlackFideId "4151348"]
[EventDate "2016.07.25"]

1. d4 Nf6 2. c4 e6 3. Nc3 Bb4 4. Qc2 d5 5. cxd5 exd5 6. Bg5 c5 7. dxc5 h6 8. Bh4
g5 9. Bg3 Ne4 10. e3 Qa5 11. Rc1 Qxa2 12. Bb5+ Bd7 13. Bxd7+ Nxd7 14. Ne2 Nxc3
15. Nxc3 Qc4 16. Bd6 Nxc5 1/2-1/2

[Event "49th Biel Master Open"]
[Site "Biel SUI"]
[Date "2016.08.01"]
[Round "7.8"]
[White "Kunin, Vitaly"]
[Black "Gozzoli, Yannick"]
[Result "1-0"]
[WhiteTitle "GM"]
[BlackTitle "GM"]
[WhiteElo "2592"]
[BlackElo "2571"]
[WhiteFideId "4128737"]
[BlackFideId "616915"]
[EventDate "2016.07.25"]

1. d4 d5 2. Nf3 Nf6 3. c4 e6 4. Nc3 c6 5. e3 Nbd7 6. Qc2 Bd6 7. Bd3 O-O 8. O-O
dxc4 9. Bxc4 b5 10. Be2 a6 11. e4 e5 12. Bg5 Re8 13. Rad1 Qc7 14. dxe5 Nxe5 15.
Bxf6 Nxf3+ 16. Bxf3 gxf6 17. g3 Be6 18. Ne2 Rad8 19. Nd4 Bd7 20. Bg2 c5 21. Ne2
b4 22. Rd5 Be6 23. Rh5 Be5 24. f4 Bd4+ 25. Nxd4 Rxd4 26. e5 f5 27. g4 Red8 28.
gxf5 Rd2 29. Qc1 Bc8 30. Qe1 c4 31. Qg3+ Kf8 32. Rg5 Rxg2+ 33. Qxg2 Qb6+ 34. Qf2
Qc6 35. f6 Rd3 36. e6 Bxe6 37. Qa7 Qd6 38. f5 Bc8 39. Re1 1-0

[Event "49th Biel Master Open"]
[Site "Biel SUI"]
[Date "2016.08.01"]
[Round "7.9"]
[White "Rodshtein, Maxim"]
[Black "Karthikeyan, Murali"]
[Result "1/2-1/2"]
[WhiteTitle "GM"]
[BlackTitle "GM"]
[WhiteElo "2698"]
[BlackElo "2513"]
[WhiteFideId "2806851"]
[BlackFideId "5074452"]
[EventDate "2016.07.25"]

1. d4 Nf6 2. c4 g6 3. Nc3 Bg7 4. e4 d6 5. Nf3 O-O 6. Be2 e5 7. Be3 Ng4 8. Bg5 f6
9. Bh4 Nc6 10. d5 Ne7 11. Nd2 f5 12. Bxg4 fxg4 13. Bg5 h6 14. Be3 g5 15. c5 Ng6
16. Nc4 b6 17. cxd6 cxd6 18. Nb5 Rf6 19. Rc1 Bf8 20. O-O Nf4 21. a4 Qd7 22. Nd2
h5 23. Rc7 Qd8 24. Rxa7 Rxa7 25. Nxa7 Ba6 26. Nb5 Qd7 27. Qb3 h4 28. Qc4 Qh7 29.
Bxf4 gxf4 30. f3 h3 31. fxg4 Rg6 32. Nf3 Rxg4 33. Rf2 Qg6 34. Qc2 Bg7 35. Nc7
Bb7 36. b4 Bf6 37. Kh1 hxg2+ 38. Rxg2 Kh8 39. Rxg4 Qxg4 40. Qg2 Qh5 41. Nb5 Be7
42. Na7 Qh7 43. Qe2 Bf6 44. Qd3 Qd7 45. Qb5 Qg4 46. Qf1 Qd7 47. Qb5 Qg4 48. Qe2
Qd7 49. Qc2 Ba6 50. b5 Qxa7 51. bxa6 Qxa6 52. Kg2 Kg7 53. Kh3 b5 54. axb5 Qxb5
55. Kg2 Kg6 56. Ng1 Qb4 57. Qe2 Kh6 58. Qd3 Kg6 59. Qf3 Qc4 60. Qe2 Qc8 61. h3
Kh6 62. Qg4 Qc2+ 63. Qe2 Qc8 64. Qg4 1/2-1/2

[Event "49th Biel Master Open"]
[Site "Biel SUI"]
[Date "2016.08.01"]
[Round "7.10"]
[White "Meier, Georg"]
[Black "Nitin, S."]
[Result "1-0"]
[WhiteTitle "GM"]
[BlackTitle "IM"]
[WhiteElo "2657"]
[BlackElo "2398"]
[WhiteFideId "4675789"]
[BlackFideId "5018277"]
[EventDate "2016.07.25"]

1. Nf3 Nf6 2. g3 g6 3. Bg2 Bg7 4. O-O O-O 5. d4 d6 6. b3 a5 7. c4 a4 8. Bb2 Nbd7
9. Nc3 Nb6 10. Qc2 c6 11. e4 Bg4 12. Rad1 Qc8 13. d5 Bh3 14. Rfe1 Bxg2 15. Kxg2
Re8 16. Bc1 axb3 17. axb3 Nbd7 18. h3 Nc5 19. Be3 cxd5 20. exd5 Qf5 21. Qxf5
gxf5 22. Nb5 Ra2 23. Nfd4 f4 24. Bxf4 Nfe4 25. Be3 e6 26. dxe6 fxe6 27. Re2 Rxe2
28. Nxe2 Nxb3 29. f3 Nec5 30. Rxd6 Ra8 31. f4 Bf8 32. Bxc5 Nxc5 33. Rd2 Ra4 34.
Rc2 e5 35. Kf3 e4+ 36. Ke3 Bg7 37. g4 Rb4 38. Nbd4 Ra4 39. Nb5 Rb4 40. Nc1 Rb1
41. g5 Bb2 42. Ne2 Bg7 43. Nbd4 Rh1 44. Nf5 Rxh3+ 45. Neg3 h5 46. gxh6 Bxh6 47.
Nxh6+ Rxh6 48. Kd4 Ne6+ 49. Ke5 Kf7 50. Rb2 Nc5 51. Kd4 Rc6 52. Rb4 e3 53. Kxe3
Rd6 54. f5 Rd3+ 55. Kf4 Rd1 56. Kf3 Rd3+ 57. Kg4 Rd4+ 58. Kg5 b5 59. Rxb5 Rxc4
60. Rb6 Ne4+ 61. Nxe4 Rxe4 62. Rb7+ Kf8 63. Kf6 Re8 64. Kg6 Ra8 65. f6 Kg8 66.
Rg7+ Kh8 67. Rh7+ 1-0

[Event "49th Biel Master Open"]
[Site "Biel SUI"]
[Date "2016.08.01"]
[Round "7.11"]
[White "Edouard, Romain"]
[Black "Bellaiche, Anthony"]
[Result "1-0"]
[WhiteTitle "GM"]
[BlackTitle "IM"]
[WhiteElo "2639"]
[BlackElo "2499"]
[WhiteFideId "633429"]
[BlackFideId "615668"]
[EventDate "2016.07.25"]

1. c4 c6 2. e4 d5 3. cxd5 cxd5 4. exd5 Nf6 5. Nc3 g6 6. Bc4 Bg7 7. Nge2 O-O 8.
O-O Nbd7 9. d3 Ne5 10. h3 Ne8 11. Re1 Nd6 12. Bb3 h6 13. Ng3 Qb6 14. Be3 Qa6 15.
Bd4 Nxd3 16. Bxg7 Kxg7 17. Rxe7 Nf5 18. Nxf5+ Bxf5 19. g4 Rae8 20. Rxe8 Rxe8 21.
gxf5 Re1+ 22. Qxe1 Nxe1 23. Rxe1 gxf5 24. Rd1 Qd6 25. Nb5 Qd7 26. d6 f4 27. Nd4
Kf8 28. Nf3 f6 29. Be6 Qg7+ 30. Kh2 1-0

[Event "49th Biel Master Open"]
[Site "Biel SUI"]
[Date "2016.08.01"]
[Round "7.12"]
[White "Bellahcene, Bilel"]
[Black "Sasikiran, Krishnan"]
[Result "0-1"]
[WhiteTitle "IM"]
[BlackTitle "GM"]
[WhiteElo "2498"]
[BlackElo "2639"]
[WhiteFideId "696358"]
[BlackFideId "5004985"]
[EventDate "2016.07.25"]

1. d4 d5 2. c4 c6 3. cxd5 cxd5 4. Bf4 Nc6 5. e3 Bf5 6. Nc3 e6 7. Bd3 Bg6 8. Nf3
Bd6 9. Bxd6 Qxd6 10. Bxg6 hxg6 11. h3 Nge7 12. a3 f6 13. Rc1 Qd7 14. O-O O-O 15.
Qd3 Rac8 16. Rc2 Na5 17. Re1 g5 18. Rce2 Nac6 19. e4 dxe4 20. Rxe4 Ng6 21. Rd1
Rfd8 22. Ree1 Nce7 23. Qe4 Nf8 24. h4 gxh4 25. Qxh4 Nd5 26. Rd3 Qd6 27. Ne4 Qf4
28. Qxf4 Nxf4 29. Rd2 Rc6 30. g3 Nd5 31. Kf1 b6 32. Red1 Ng6 33. Ng1 Nge7 34.
Ne2 Rc4 35. N4c3 a6 36. Rd3 Kf7 37. R1d2 g5 38. Rd1 Nf5 39. R1d2 Nfe7 40. Rd1
Rc6 41. R1d2 Kg6 42. Rd1 Rcc8 43. R1d2 Rh8 44. Kg2 Kh7 45. Rd1 g4 46. Rc1 Kg7
47. Ng1 f5 48. Nce2 Kf6 49. Kf1 Rh1 50. f3 Rh2 51. Ke1 Kf7 52. b4 Ke8 53. Rb3
Kd7 54. Kd2 Nf6 55. Rf1 Ned5 56. Rd3 Rg2 57. Rb3 Kc6 58. Rb2 Nh5 59. Rc2+ Kd7
60. fxg4 fxg4 0-1

[Event "49th Biel Master Open"]
[Site "Biel SUI"]
[Date "2016.08.01"]
[Round "7.13"]
[White "Brkic, Ante"]
[Black "Stany, G.A."]
[Result "1-0"]
[WhiteTitle "GM"]
[BlackTitle "IM"]
[WhiteElo "2585"]
[BlackElo "2476"]
[WhiteFideId "14506688"]
[BlackFideId "5029104"]
[EventDate "2016.07.25"]

1. e4 c5 2. Nf3 Nc6 3. Bb5 g6 4. Bxc6 dxc6 5. d3 Bg7 6. h3 Nf6 7. Nc3 O-O 8. Bf4
Nd7 9. Qd2 e5 10. Bh6 Qe7 11. Bxg7 Kxg7 12. O-O-O a5 13. a4 Rd8 14. h4 f6 15.
Qe3 Nf8 16. Rdg1 Bg4 17. Nh2 Be6 18. g4 c4 19. dxc4 Bxc4 20. g5 h5 21. gxh6+ Kh7
22. f4 exf4 23. Qxf4 Nd7 24. Rxg6 Kxg6 25. Rg1+ Kh7 26. Rg7+ Qxg7 27. hxg7 Be6
28. Ng4 Bxg4 29. Qxg4 Ne5 30. Qe6 Rd7 31. Qxf6 Re8 32. Qf8 1-0

[Event "49th Biel Master Open"]
[Site "Biel SUI"]
[Date "2016.08.01"]
[Round "7.14"]
[White "Al-Sayed, Mohammed"]
[Black "Henderson de La Fuente, Lance"]
[Result "1-0"]
[WhiteTitle "GM"]
[WhiteElo "2524"]
[BlackElo "2258"]
[WhiteFideId "12100196"]
[BlackFideId "32096585"]
[EventDate "2016.07.25"]

1. d4 Nf6 2. c4 e6 3. Nf3 b6 4. g3 Bb7 5. Bg2 Be7 6. Nc3 Ne4 7. Bd2 O-O 8. O-O
f5 9. d5 Bf6 10. Rc1 Na6 11. a3 c6 12. dxc6 Bxc6 13. b4 Nc7 14. Qb3 b5 15. Rfd1
a5 16. c5 Ra6 17. Be1 axb4 18. axb4 Qa8 19. Nxe4 fxe4 20. Nd4 Bd5 21. Qb1 Bxd4
22. Rxd4 e3 23. f3 Ra2 24. Rh4 g6 25. Qd3 Bc4 26. Qxd7 Rf7 27. Qd4 Nd5 28. Bh3
Rf6 29. Qe5 Qa6 30. Rhxc4 bxc4 31. b5 Qa3 32. Bxe6+ Kg7 33. Rd1 Rxe2 34. Bxd5
Qa2 35. Qe7+ Kh6 36. Bd2 Qb3 37. Rf1 Rxd2 38. Qxf6 Qa2 39. Qh4+ Kg7 40. Qe7+ Kh6
41. Qxe3+ Kg7 42. Qe7+ Kh6 43. Qf8+ Kh5 44. g4+ Kg5 45. f4+ 1-0

[Event "49th Biel Master Open"]
[Site "Biel SUI"]
[Date "2016.08.01"]
[Round "7.15"]
[White "Balogh, Csaba"]
[Black "Swayams, Mishra"]
[Result "1/2-1/2"]
[WhiteTitle "GM"]
[BlackTitle "IM"]
[WhiteElo "2635"]
[BlackElo "2457"]
[WhiteFideId "718939"]
[BlackFideId "5028183"]
[EventDate "2016.07.25"]

1. e4 e6 2. d4 d5 3. Nd2 Be7 4. e5 c5 5. Qg4 g6 6. dxc5 Nd7 7. Ngf3 Qc7 8. Qa4
Bxc5 9. Nb3 Bb6 10. c4 Qc6 11. Qxc6 bxc6 12. Bf4 f6 13. Bg3 Ne7 14. exf6 Nxf6
15. c5 Bd8 16. Bd3 Nf5 17. Ne5 Bb7 18. O-O-O Nd7 19. Bxf5 gxf5 20. Rhe1 Nxe5 21.
Bxe5 Rg8 22. g3 Kd7 23. Nd4 a5 24. Re3 Bg5 25. f4 Be7 26. Bd6 Bxd6 27. cxd6 c5
28. Nxe6 Kxd6 29. Ng5 Rae8 30. Rde1 Re4 31. Nxe4+ fxe4 32. Ra3 d4 33. Rxa5 e3
34. Ra7 Bf3 35. Rxh7 Re8 36. f5 d3 37. Rxe3 Rxe3 38. Kd2 Re5 39. Kxd3 Be4+ 1/2-1/2

[Event "49th Biel Master Open"]
[Site "Biel SUI"]
[Date "2016.08.01"]
[Round "7.16"]
[White "Donchenko, Alexander"]
[Black "Gaehwiler, Gabriel"]
[Result "1-0"]
[WhiteTitle "GM"]
[BlackTitle "FM"]
[WhiteElo "2583"]
[BlackElo "2392"]
[WhiteFideId "24603295"]
[BlackFideId "1314530"]
[EventDate "2016.07.25"]

1. c4 Nf6 2. g3 g6 3. Bg2 Bg7 4. Nc3 O-O 5. d4 d6 6. Nf3 c6 7. O-O Bf5 8. Ne1
Be6 9. b3 d5 10. cxd5 cxd5 11. Nd3 Nc6 12. e3 Bf5 13. Bb2 Bxd3 14. Qxd3 e6 15.
Rac1 Qe7 16. Na4 Rfc8 17. Qe2 Rab8 18. Rfd1 Qd8 19. Nc5 Nd7 20. h4 Qe7 21. Nd3
Qd8 22. Bc3 Ne7 23. Qb2 Rc6 24. Bf1 Rbc8 25. b4 Nf5 26. Nc5 Nd6 27. Qa3 Bf8 28.
Qb3 b6 29. Nd3 Ne4 30. Be1 Rxc1 31. Rxc1 Rxc1 32. Nxc1 Qc7 33. Nd3 Bd6 34. Qb2
Be7 35. Qc1 Qc4 36. a4 Nd6 37. Qxc4 Nxc4 38. b5 Kf8 39. Bg2 Nb8 40. Kf1 a6 41.
bxa6 Nxa6 42. Ke2 b5 43. axb5 Nc7 44. Ne5 Nxb5 45. Nxc4 dxc4 46. Bc6 Nc7 47. e4
Ne8 48. Ba5 Nd6 49. Kd2 Kg8 50. Kc3 f6 51. Bb4 Kf7 52. Ba5 Kf8 53. e5 fxe5 54.
dxe5 Nf7 55. Kd4 Ba3 56. Bc3 Nh6 57. Kxc4 Ng4 58. Bf3 Nh6 59. Be4 Kf7 60. Bd3
Ng4 61. Bd4 Bc1 62. Kc5 Bd2 63. Be2 h5 64. Kc4 Nh6 65. Kd3 Ba5 66. Bc3 Bb6 67.
Be1 Nf5 68. Ke4 Bc5 69. Kf4 Bd4 70. f3 Be3+ 71. Ke4 Bc1 72. g4 Ng7 73. Bf2 Bd2
74. Be3 Be1 75. Bg5 Bg3 76. Bb5 Bf2 77. Bf6 Bg3 78. Bd7 Ne8 79. Bd8 Ng7 80. Bg5
Ne8 81. Ba4 Ng7 82. Bb3 Ne8 83. Ba2 Ng7 84. Bh6 hxg4 85. Bxg7 Kxg7 86. f4 Kf7
87. h5 gxh5 88. f5 Bh4 89. Bxe6+ Kg7 90. Kf4 Bd8 91. Bd7 Be7 92. Be8 h4 93. Kxg4
Bd8 94. Bc6 Be7 95. Bb5 Bd8 96. Bf1 Be7 97. Kf4 Kf7 98. Bh3 Bd8 99. Bg4 h3 100.
Bxh3 Be7 101. Bg4 Bh4 102. Be2 Kg7 103. Bh5 Kh6 104. f6 1-0

[Event "49th Biel Master Open"]
[Site "Biel SUI"]
[Date "2016.08.01"]
[Round "7.17"]
[White "Kovchan, Alexander"]
[Black "Nezad, Husein Aziz"]
[Result "1-0"]
[WhiteTitle "GM"]
[BlackTitle "IM"]
[WhiteElo "2576"]
[BlackElo "2419"]
[WhiteFideId "14103052"]
[BlackFideId "12100293"]
[EventDate "2016.07.25"]

1. e4 e5 2. Nf3 Nc6 3. Nc3 Nf6 4. d4 exd4 5. Nxd4 Bb4 6. Nxc6 bxc6 7. Bd3 O-O 8.
O-O Re8 9. Re1 d6 10. Bg5 h6 11. Bh4 Rb8 12. a3 Ba5 13. e5 Rxb2 14. Ne4 dxe5 15.
Nxf6+ gxf6 16. Rxe5 Rxe5 17. Bh7+ Kxh7 18. Qxd8 Ra2 19. Rf1 Be6 20. Bxf6 1-0

[Event "49th Biel Master Open"]
[Site "Biel SUI"]
[Date "2016.08.01"]
[Round "7.18"]
[White "Kraemer, Martin"]
[Black "Haimovich, Tal"]
[Result "1/2-1/2"]
[WhiteTitle "GM"]
[BlackTitle "IM"]
[WhiteElo "2567"]
[BlackElo "2383"]
[WhiteFideId "4671910"]
[BlackFideId "2801698"]
[EventDate "2016.07.25"]

1. d4 Nf6 2. c4 e6 3. Nf3 d5 4. g3 Bb4+ 5. Bd2 Bd6 6. Nc3 c6 7. Qc2 Nbd7 8. e4
dxe4 9. Nxe4 Nxe4 10. Qxe4 Qe7 11. O-O-O Nf6 12. Qc2 Bd7 13. Bg2 O-O-O 14. Rhe1
Kb8 15. Ne5 Rc8 16. f4 Rhd8 17. Qb3 Be8 18. Ba5 Bc7 19. Bb4 Bd6 20. Ba5 Bc7 21.
Bc3 Bd6 22. Kb1 Qc7 23. Nd3 Nd7 24. Bf3 Qb6 25. Qa4 c5 26. Ba5 Qa6 27. Qb3 Nb6
28. Bxb6 axb6 29. Qc3 cxd4 30. Qxd4 f6 31. b3 Bg6 32. Qe3 1/2-1/2